000 02702nam a22002297a 4500
005 20250314091624.0
008 250313b ||||| |||| 00| 0 eng d
020 _a9789351433262
040 _cAL
041 _aeng
082 _223
_a332.1
_bTANM
100 _aM L Tannan
_9206306
245 _aM L Tanans Banking Law
260 _aHaryana
_bLexis Nexis
_c2018
300 _acxxv,1205p;
_bPB
_c24x16cm
365 _2Law
_a7313
_b1495.00
_c
_d1196.00
_e20%
_f07-03-2025
520 _aTannan Banking Law and Practice In India is a classic legal Treatise and most comprehensive, authentic, authoritative, widely acclaimed, appreciated, recognized and recommended masterwork on the Banking Law and Practice in India since decades, to be precise since 84 years of the first edition of this most prestigious book in 1926. Tannan Banking is undoubtedly one of the best in the Banking Law field. Every edition of this book has sold like proverbial hot cakes, pointing clearly to its scholastic wealth on the subject, its deft handling by the authors its usefulness, utility and eventually the popularity of the book in the field. Tannan Banking in its every edition is eagerly awaited and widely welcomed by the people in the Banking Law field. Present edition is now released with the pride and glory of the previous editions. It is a unique and authentic publication of its kind, authored by a renowned personality, having tremendous knowledge and authority over the subject. New edition is completely revised and updated. The present Revised and Enlarged edition contains 76 Chapters covering entire spectrum of Banking Law and Practice. It contains most upto-date Statute Laws, Case Laws and RBI Master Circulars, Guidelines and Directions and other related matters annotated under appropriate discussions. Tannan Banking has always been prescribed and recommended by Indian Institute of Banking and Finance (IIBF), Promotion Tests, Internal and other Exams and is cited and quoted by Honble Supreme Court, High Courts and Tribunals in various judgments. This most authoritative Treatise is an indispensable guide and reference work for the Banks and Financial Institutions (FIs), Legal Officers, Banking Experts, Branch Managers, Bankers for Promotion Tests, Internal exams, exams conducted by the Indian Institute of Banking and Finance (IIBS), other Universities and Management Institutes, Staff Training Colleges, Law Colleges, Commerce Colleges, Professors of Banking, Academicians, Chartered, Accountants, Practitioners, Advocates, Lawyers, Judges, Bench and the Bar.
650 _aLaw
_9206307
700 _aTANNAN (M L)
_9206290
700 _aMITRA (Mandira) Ed
_9206291
942 _2ddc
_cBK
999 _c233930
_d233930